000
00249nam a2200109Ia 4500
100
_a
Joshi/S.D
942
_c
BK
654
_a
Object oriented analysis
245
_a
Object oriented analysis and design
260
_b
Tech Max
_c
2003
546
_a
ENGLISH
999
_c
24889
_d
24889